| 000 | 00791nam a2200229Ia 4500 | ||
|---|---|---|---|
| 003 | OSt | ||
| 005 | 20220918110732.0 | ||
| 006 | a|||||r|||| 00| 0 | ||
| 007 | ta | ||
| 008 | 220915b |||||||| |||| 00| 0 hin d | ||
| 024 | _a184913 | ||
| 037 | _cReference Collections | ||
| 040 |
_aARTS _cARTS _bhin |
||
| 041 |
_2hin _ahin |
||
| 082 | _aO152,1:gk, N2(RR) | ||
| 100 |
_aगौड़, रामशरण _99290 |
||
| 245 | 0 | _aमध्यकालीन काव्य-समीक्षा कोश | |
| 246 | _aMadhyakālīn kāvya-samīkṣhā kosha | ||
| 260 |
_aदिल्ली _bकादम्बरी प्रकाशन _c1992 |
||
| 942 |
_hO152,1:gk, N2(RR) _cREF |
||
| 999 |
_c114357 _d114357 |
||